[Event "GER S2G2 enginefrei email"]
[Site "GER email"]
[Date "2016.02.29"]
[Round "?"]
[White "Broeker, Clemens"]
[Black "Lukas, Norbert"]
[Result "0-1"]
[WhiteElo "2055"]
[BlackElo "1945"]
[PlyCount "56"]
[EventDate "2016.03.07"]
[EventType "tourn (corr)"]
[EventRounds "6"]
[EventCountry "GER"]
[SourceTitle "Corr 2020"]
[Source "ChessBase"]
[SourceDate "2019.09.30"]
[SourceVersion "1"]
[SourceVersionDate "2019.09.30"]
[SourceQuality "1"]

1. d4 Nf6 2. c4 e6 3. Nc3 Bb4 4. e3 0-0 5. Nge2 d5 6. a3 Be7 7. cxd5 exd5 8. Nf4 c6 9. Bd3 Nbd7 10. 0-0 Re8 11. f3 Nf8 12. Bc2 Ne6 13. e4 dxe4 14. Nxe6 Bxe6 15. fxe4 c5 16. d5 Bg4 17. Qd3 Bd6 18. Bf4 Bxf4 19. Rxf4 Bh5 20. Ba4 Qb6 21. Qd2 Re5 22. Rf5 Nxe4 23. Nxe4 Rxf5 24. d6 c4+ 25. Kh1 Re5 26. Nc3 Rd8 27. d7 Qe6 28. h3 a6 0-1

[Event "GER S2G2 enginefrei email"]
[Site "GER email"]
[Date "2016.02.29"]
[Round "?"]
[White "Schorra, Helmut"]
[Black "Broeker, Clemens"]
[Result "0-1"]
[WhiteElo "2009"]
[BlackElo "2055"]
[PlyCount "62"]
[EventDate "2016.03.07"]
[EventType "tourn (corr)"]
[EventRounds "6"]
[EventCountry "GER"]
[SourceTitle "Corr 2020"]
[Source "ChessBase"]
[SourceDate "2019.09.30"]
[SourceVersion "1"]
[SourceVersionDate "2019.09.30"]
[SourceQuality "1"]

1. d4 d6 2. c4 e5 3. Nf3 e4 4. Ng1 h6 5. Nc3 Nf6 6. e3 c6 7. Nge2 Bf5 8. Ng3 Bg6 9. f3 d5 10. cxd5 exf3 11. gxf3 cxd5 12. Bd3 Bxd3 13. Qxd3 Nc6 14. Bd2 Rc8 15. 0-0 g6 16. Rad1 Bg7 17. Bc1 h5 18. e4 dxe4 19. fxe4 Ng4 20. Nge2 0-0 21. Kh1 Qh4 22. Bf4 Nf2+ 23. Rxf2 Qxf2 24. Qh3 Nxd4 25. Rf1 Rxc3 26. Nxc3 Qxb2 27. Bd6 Rd8 28. Bc7 Re8 29. Qd7 Rf8 30. Bd6 Qxc3 31. Bxf8 Qc4 0-1

[Event "GER Server Cup14 final email"]
[Site "GER email"]
[Date "2013.08.19"]
[Round "?"]
[White "Wilshusen, Horst"]
[Black "Broeker, Clemens"]
[Result "0-1"]
[WhiteElo "1554"]
[BlackElo "2036"]
[PlyCount "100"]
[EventDate "2013.08.31"]
[EventType "tourn (corr)"]
[EventRounds "6"]
[EventCountry "GER"]
[SourceTitle "Corr 2020"]
[Source "ChessBase"]
[SourceDate "2019.09.30"]
[SourceVersion "1"]
[SourceVersionDate "2019.09.30"]
[SourceQuality "1"]

1. e4 d6 2. d4 Nf6 3. Nc3 e5 4. Nf3 Nbd7 5. Bc4 Be7 6. 0-0 h6 7. Qe2 c6 8. a3 b5 9. Ba2 a6 10. h3 0-0 11. Be3 Re8 12. Rad1 Qc7 13. Bc1 exd4 14. Nxd4 Bf8 15. f3 d5 16. Qf2 Nb6 17. Rde1 c5 18. Nde2 d4 19. Nd1 Nc4 20. Ng3 g6 21. b3 Nxa3 22. f4 c4 23. Nb2 Bc5 24. bxc4 Nxc2 25. Nd3 Nxe1 26. Rxe1 bxc4 27. Bxc4 Bb6 28. Qa2 Be6 29. Bxe6 fxe6 30. e5 Nd5 31. f5 Qc3 32. Qb1 gxf5 33. Bxh6 Qc7 34. Rf1 Qh7 35. Bd2 Rac8 36. Kh2 Rc6 37. Rf3 Ba7 38. Qd1 Kh8 39. Ne2 Rg8 40. Nef4 Nc3 41. Qe1 a5 42. h4 Rg4 43. h5 Ne4 44. Qd1 Rh4+ 45. Kg1 Kg8 46. Bxa5 Qb7 47. Be1 Rg4 48. Kh2 Qb5 49. Kh3 Ng5+ 50. Kh2 Nxf3+ 0-1

[Event "GER Cup19 sf07 serv"]
[Site "GER email"]
[Date "2013.07.14"]
[Round "?"]
[White "Boos, Markus"]
[Black "Broeker, Clemens"]
[Result "1-0"]
[WhiteElo "2034"]
[BlackElo "2036"]
[PlyCount "119"]
[EventDate "2013.07.20"]
[EventType "tourn (corr)"]
[EventRounds "6"]
[EventCountry "GER"]
[SourceTitle "Corr 2015"]
[Source "ChessBase"]
[SourceDate "2015.07.17"]
[SourceVersion "1"]
[SourceVersionDate "2015.07.17"]
[SourceQuality "1"]

1. d4 d6 2. Nf3 Bg4 3. c4 Bxf3 4. exf3 c6 5. Nc3 g6 6. Be3 Bg7 7. h4 Nf6 8. g4 h5 9. g5 Nfd7 10. f4 Na6 11. Qc2 Qa5 12. 0-0-0 e6 13. a3 0-0 14. Ne4 d5 15. Nd6 Rab8 16. f5 exf5 17. Nxf5 gxf5 18. Qxf5 b5 19. Bd3 Rfe8 20. Qh7+ Kf8 21. Bf4 Re6 22. Bxb8 Naxb8 23. f4 Re3 24. f5 f6 25. Rhg1 Qc7 26. cxd5 Qf4 27. Kb1 Qxd4 28. Bc2 Qe5 29. gxf6 Qxf6 30. Rxg7 Qxg7 31. Qxg7+ Kxg7 32. dxc6 Nb6 33. c7 Na6 34. Rd7+ Kf8 35. f6 Re1+ 36. Ka2 Re6 37. Bd3 Nxc7 38. Rxc7 a6 39. Rc5 Rxf6 40. Rxh5 Rd6 41. Rh8+ Kg7 42. Rh7+ Kf8 43. Rb7 Na4 44. Bc2 Nc5 45. Rc7 Ne6 46. Rh7 Nd4 47. Be4 Re6 48. Bb7 a5 49. Rd7 Nc2 50. h5 a4 51. Bf3 Re1 52. Rd1 Re6 53. Kb1 Ne3 54. Rg1 Nc4 55. Bd5 Rh6 56. Bxc4 bxc4 57. Rg5 Ke7 58. Ra5 c3 59. bxc3 Kd7 60. c4 1-0

[Event "GER-Cup16 E/V02 email"]
[Site "GER email"]
[Date "2012.12.10"]
[Round "?"]
[White "Eschert, Uwe"]
[Black "Broeker, Clemens"]
[Result "1/2-1/2"]
[WhiteElo "2063"]
[BlackElo "2036"]
[PlyCount "119"]
[EventDate "2012.12.19"]
[EventType "tourn (corr)"]
[EventRounds "4"]
[EventCountry "GER"]
[SourceTitle "Corr 2015"]
[Source "ChessBase"]
[SourceDate "2015.07.17"]
[SourceVersion "1"]
[SourceVersionDate "2015.07.17"]
[SourceQuality "1"]

1. d4 d6 2. Nf3 Bg4 3. c4 Nd7 4. g3 Bxf3 5. exf3 g6 6. Bg2 Bg7 7. 0-0 Nh6 8. Re1 Nf5 9. d5 0-0 10. Nc3 Ne5 11. Bf1 Nd4 12. Re3 f5 13. f4 Nd7 14. b3 c5 15. dxc6 bxc6 16. Bb2 e5 17. Ne2 c5 18. Nxd4 cxd4 19. Re1 Qb6 20. Qd2 e4 21. Rad1 d3 22. Bxg7 Kxg7 23. Bxd3 exd3 24. Qxd3 Rae8 25. Rxe8 Rxe8 26. Qxd6 Qxd6 27. Rxd6 Nb8 28. Rd5 Kf7 29. Kf1 Re7 30. h4 Ke8 31. Kg2 Rd7 32. Re5+ Kd8 33. Kf3 Nc6 34. Rc5 Nb4 35. Ra5 Re7 36. g4 Nc6 37. Rc5 Nd4+ 38. Kg3 Ne2+ 39. Kf3 fxg4+ 40. Kxg4 Nc3 41. Ra5 Ne4 42. Kf3 Nd6 43. Rd5 Kc7 44. Rc5+ Kb6 45. Rd5 Kc6 46. Re5 Rf7 47. Kg4 Nf5 48. h5 gxh5+ 49. Kxh5 Ne7 50. Kg4 Kd6 51. Ra5 Rg7+ 52. Rg5 Rf7 53. a4 Nc6 54. Rd5+ Ke7 55. f5 Rf6 56. f4 a6 57. Kh5 h6 58. Kg4 Nb4 59. Rd2 a5 60. Re2+ 1/2-1/2

[Event "GER-Cup16 E/V02 email"]
[Site "GER email"]
[Date "2012.12.10"]
[Round "?"]
[White "Schludecker, Elke"]
[Black "Broeker, Clemens"]
[Result "0-1"]
[WhiteElo "1918"]
[BlackElo "2036"]
[PlyCount "96"]
[EventDate "2012.12.19"]
[EventType "tourn (corr)"]
[EventRounds "4"]
[EventCountry "GER"]
[SourceTitle "Corr 2015"]
[Source "ChessBase"]
[SourceDate "2015.07.17"]
[SourceVersion "1"]
[SourceVersionDate "2015.07.17"]
[SourceQuality "1"]

1. e4 d6 2. d4 Nf6 3. Nc3 e5 4. Nf3 Nbd7 5. Bc4 Be7 6. 0-0 h6 7. Re1 c6 8. a4 Qc7 9. h3 Nf8 10. Be3 Rg8 11. Nh2 g5 12. Be2 Ng6 13. Ng4 Nxg4 14. Bxg4 Nf4 15. Bxc8 Qxc8 16. Qg4 Qxg4 17. hxg4 h5 18. gxh5 g4 19. g3 Nxh5 20. Kg2 Kd7 21. Rh1 Nf6 22. Rad1 Kc7 23. dxe5 dxe5 24. Rd3 b6 25. Rhd1 Bb4 26. Na2 Be7 27. Nc3 Rad8 28. Rxd8 Bxd8 29. f4 gxf3+ 30. Kxf3 Be7 31. Rg1 Rh8 32. g4 Rh3+ 33. Rg3 Rh2 34. Bf2 Bb4 35. Nd1 Bd2 36. Be3 Be1 37. Bf2 Bxf2 38. Nxf2 Rxf2+ 39. Kxf2 Nxe4+ 40. Kf3 Nxg3 41. Kxg3 Kd6 42. Kf3 Kd5 43. Ke3 f6 44. b3 e4 45. c3 Ke5 46. b4 a5 47. Ke2 Kf4 48. c4 c5 0-1